Andy Palmer's great guns.

Bibliographic Details
New Title:Great guns
Format: Journal
Language:English
Published: [Plymouth, Mich.] : [Andy Palmer], 1952-1953.
Subjects:

MARC

Tag First Indicator Second Indicator Subfields
LEADER 00000cas a2200000 a 4500
001 in00005779947
005 20260428214114.1
008 990218d19521953miumr p 0 0eng d
040 |a SMI  |b eng  |c SMI  |d OCL  |d CUV  |d OCLCF  |d OCLCO  |d OCLCQ  |d OCLCO  |d OCLCQ  |d OCLCO 
035 |a (OCoLC)40815625 
050 4 |a TS532  |b .A53 
245 0 0 |a Andy Palmer's great guns. 
246 3 0 |a Great guns 
264 1 |a [Plymouth, Mich.] :  |b [Andy Palmer],  |c 1952-1953. 
300 |a 2 volumes :  |b illustrations ;  |c 46 cm 
310 |a Monthly,  |b Aug. 1952-Mar. 1953 
321 |a Bimonthly,  |b Jan.-July 1952 
336 |a text  |b txt  |2 rdacontent 
337 |a unmediated  |b n  |2 rdamedia 
338 |a volume  |b nc  |2 rdacarrier 
362 0 |a Vol. 1, no. 1 (Jan. 1952)-v. 2, no. 3 (Mar. 1953). 
500 |a Title from caption. 
650 0 |a Firearms  |v Periodicals. 
650 7 |a Firearms  |2 fast 
655 7 |a Periodicals  |2 fast 
655 7 |a Periodicals.  |2 lcgft 
785 0 0 |t Great guns  |w (DLC) 2008254523  |w (OCoLC)12038931 
994 |a Z0  |b TXA 
948 |h HELD BY TXA - 5 OTHER HOLDINGS 
999 f f |i b8339035-9332-4613-992a-16c82d624d13  |s 4c2bffb9-a474-4ca7-a2f3-30f1bf3aef4f  |t 0 
952 f f |a Texas A&M University  |b College Station  |c Cushing Memorial Library & Archives  |d Cushing: Dykes (Does not check out)  |e TS532 .A53  |h Library of Congress classification  |i unmediated -- volume  |k v.1:no.3  |l 1952:May  |m A14853361143  |p noncirc  |s cush dyks  |t 0 
952 f f |a Texas A&M University  |b College Station  |c Cushing Memorial Library & Archives  |d Cushing: Dykes (Does not check out)  |e TS532 .A53  |h Library of Congress classification  |i unmediated -- volume  |k v.2:no.3  |l 1953:Mar.  |m A14853361233  |p noncirc  |s cush dyks  |t 0 
952 f f |a Texas A&M University  |b College Station  |c Cushing Memorial Library & Archives  |d Cushing: Dykes (Does not check out)  |e TS532 .A53  |h Library of Congress classification  |i unmediated -- volume  |k v.1:no.9  |l 1952:Dec.  |m A14853361200  |p noncirc  |s cush dyks  |t 0 
952 f f |a Texas A&M University  |b College Station  |c Cushing Memorial Library & Archives  |d Cushing: Dykes (Does not check out)  |e TS532 .A53  |h Library of Congress classification  |i unmediated -- volume  |k v.1:no.1  |l 1952:Jan.  |m A14853361121  |p noncirc  |s cush dyks  |t 0 
952 f f |a Texas A&M University  |b College Station  |c Cushing Memorial Library & Archives  |d Cushing: Dykes (Does not check out)  |e TS532 .A53  |h Library of Congress classification  |i unmediated -- volume  |k v.1:no.7  |l 1952:Oct.  |m A14853361187  |p noncirc  |s cush dyks  |t 0 
952 f f |a Texas A&M University  |b College Station  |c Cushing Memorial Library & Archives  |d Cushing: Dykes (Does not check out)  |e TS532 .A53  |h Library of Congress classification  |i unmediated -- volume  |k v.1:no.8  |l 1952:Nov.  |m A14853361198  |p noncirc  |s cush dyks  |t 0 
952 f f |a Texas A&M University  |b College Station  |c Cushing Memorial Library & Archives  |d Cushing: Dykes (Does not check out)  |e TS532 .A53  |h Library of Congress classification  |i unmediated -- volume  |k v.1:no.5  |l 1952:Aug.  |m A14853361165  |p noncirc  |s cush dyks  |t 0 
952 f f |a Texas A&M University  |b College Station  |c Cushing Memorial Library & Archives  |d Cushing: Dykes (Does not check out)  |e TS532 .A53  |h Library of Congress classification  |i unmediated -- volume  |k v.1:no.4  |l 1952:July  |m A14853361154  |p noncirc  |s cush dyks  |t 0 
952 f f |a Texas A&M University  |b College Station  |c Cushing Memorial Library & Archives  |d Cushing: Dykes (Does not check out)  |e TS532 .A53  |h Library of Congress classification  |i unmediated -- volume  |k v.2:no.2  |l 1953:Feb.  |m A14853361222  |p noncirc  |s cush dyks  |t 0 
952 f f |a Texas A&M University  |b College Station  |c Cushing Memorial Library & Archives  |d Cushing: Dykes (Does not check out)  |e TS532 .A53  |h Library of Congress classification  |i unmediated -- volume  |k v.1:no.2  |l 1952:Mar.  |m A14853361132  |p noncirc  |s cush dyks  |t 0 
952 f f |a Texas A&M University  |b College Station  |c Cushing Memorial Library & Archives  |d Cushing: Dykes (Does not check out)  |e TS532 .A53  |h Library of Congress classification  |i unmediated -- volume  |k v.1:no.6  |l 1952:Sept.  |m A14853361176  |p noncirc  |s cush dyks  |t 0 
952 f f |a Texas A&M University  |b College Station  |c Cushing Memorial Library & Archives  |d Cushing: Dykes (Does not check out)  |e TS532 .A53  |h Library of Congress classification  |i unmediated -- volume  |k v.2:no.1  |l 1953:Jan.  |m A14853361211  |p noncirc  |s cush dyks  |t 0 
998 f f |a TS532 .A53  |s v.1:no.1 (1952:Jan.)-v.2:no.3 (1953:Mar.)  |t 0  |l Cushing: Dykes (Does not check out)